000 00395pab a2200145 454500
008 180718b1997 xxu||||| |||| 00| 0 eng d
100 _aSites, William
245 _aThe limits of urban regime theory: New York city under Koch, Dinkins and Giuliani
260 _c1997
300 _ap.536-57
362 _aMar
650 _aUrban development
773 _aUrban Affairs Review
909 _a34202
999 _c34202
_d34202